Vox clamantis in deserto, hoc est, Conciones panegyricae in festa sanctorum, tum in ea, quae per totius anni circulum ab ecclesiâ universaliter; tum in illa, quae apud diversos religiosos & in diversis ecclesiis particulariter celebrantur / authore F. Matthia Keul, Ordinis FF. Minorum S. Francisci Recoll. SS theologiae lectore & ecclesiaste. Sanctorale tertium. Opus sane praeclarum et summopere commendandum, omnibus Christi fidelibus utilissimum, ac maximè animarum Pastoribus, nec non Divini verbi praeconibus, praesertim plurimùm impeditis, necessarium

Detalles Bibliográficos
Autor principal: Keul, Matthias, O. F. M.
Formato: Libro
Lenguaje:Undetermined
Latin
Publicado: Coloniae : sumptibus Hermanni Demen, 1686.
Materias:
Colección:Banco de datos
Acervo:Museo Virreinal de Zinacantepec. Estado de México
Descripción Física:[4] h., 397 p., [6] h. ; 4°
Tema general:Homilética
Notas:Portada con grabado central xilográfico. Encuadernación en pergamino sobre cartón
LEADER 01178nam a2200193Ia 4500
008 150723s9999 xx 000 0 und d
041 0 |a lat 
100 1 |a Keul, Matthias, O. F. M. 
245 1 0 |a Vox clamantis in deserto, hoc est, Conciones panegyricae in festa sanctorum, tum in ea, quae per totius anni circulum ab ecclesiâ universaliter; tum in illa, quae apud diversos religiosos & in diversis ecclesiis particulariter celebrantur / authore F. Matthia Keul, Ordinis FF. Minorum S. Francisci Recoll. SS theologiae lectore & ecclesiaste. Sanctorale tertium. Opus sane praeclarum et summopere commendandum, omnibus Christi fidelibus utilissimum, ac maximè animarum Pastoribus, nec non Divini verbi praeconibus, praesertim plurimùm impeditis, necessarium 
260 |a Coloniae : sumptibus Hermanni Demen, 1686. 
300 |a [4] h., 397 p., [6] h. ; 4° 
500 |a Portada con grabado central xilográfico. Encuadernación en pergamino sobre cartón 
501 |a 1 obra 
650 1 0 |a Homilética 
740 0 |a Conciones panegyricae in festa sanctorum 
949 |a 3794-B 
942 |c ZINACA 
943 |g Museo Virreinal de Zinacantepec. Estado de México 
999 |c 1107175  |d 1107175